000 00405nam a2200145Ia 4500
041 _aArabic
082 _a260.14 cut-889 ز
100 _a20260118u\\\\\\\\\\\y0engy0103\\\\ba
100 _aمصطفى ابراهيم الزلمي
245 0 _aالطلاق مرتان في تفاسير القران
250 _aط1
260 _bمطبعة شهاب
_aاربيل
_c2010
300 _a63
942 _cBk
999 _c190290
_d190290